A sokoldalú emberformálás alapgondolatai: a munka és a nevelés filozófiai összefüggései A tőkében

Elmentve itt :
Bibliográfiai részletek
Szerző: Szöllősy Vágó László
Adatforrás:Philobibl
Forrásdokumentuma:Magyar Szó
1983., márc.12.,69.sz., 17.p. p.
Dokumentumtípus: Cikk
Nyelv:magyar
LEADER 00394nab a2200097 c 4500
001 bibDOK00022048
005 20200924121618.9
008 060518s1983 xx hun
100 1 |a Szöllősy Vágó László 
245 1 2 |a A sokoldalú emberformálás alapgondolatai: a munka és a nevelés filozófiai összefüggései A tőkében  |c Szöllősy Vágó László 
773 0 |t Magyar Szó  |g 1983., márc.12.,69.sz., 17.p. p.